[Event "World Chess Olympiad 2018"]
[Site "Batumi"]
[Date "2018.10.01"]
[Round "7"]
[Board "1"]
[WhiteFideId "9300244"]
[White "Omar Noaman"]
[BlackFideId "7000812"]
[Black "Kojima Shinya"]
[Result "1-0"]
[LiveChessVersion "1.4.8"]
[BlackElo "2408"]
[WhiteElo "2356"]

1. Nf3 {[%clk 1:30:54]} d5 {[%clk 1:30:54]} 2. g3 {[%clk 1:31:11]} c6
{[%clk 1:31:08]} 3. Bg2 {[%clk 1:31:30]} Bg4 {[%clk 1:31:27]} 4. h3
{[%clk 1:31:33]} Bxf3 {[%clk 1:30:24]} 5. Bxf3 {[%clk 1:31:55]} e5
{[%clk 1:30:03]} 6. d3 {[%clk 1:32:12]} Nf6 {[%clk 1:29:49]} 7. O-O
{[%clk 1:31:56]} Nbd7 {[%clk 1:29:07]} 8. Nc3 {[%clk 1:32:13]} Be7
{[%clk 1:26:44]} 9. e4 {[%clk 1:32:27]} dxe4 {[%clk 1:26:33]} 10. Nxe4
{[%clk 1:32:34]} Nxe4 {[%clk 1:24:54]} 11. dxe4 {[%clk 1:32:51]} O-O
{[%clk 1:23:58]} 12. h4 {[%clk 1:20:39]} Qc7 {[%clk 1:22:20]} 13. Qe2
{[%clk 1:20:25]} a5 {[%clk 1:18:21]} 14. Rd1 {[%clk 1:14:01]} Rfd8
{[%clk 1:14:13]} 15. a4 {[%clk 1:00:30]} Nc5 {[%clk 1:01:26]} 16. Rxd8+
{[%clk 1:00:31]} Rxd8 {[%clk 1:01:29]} 17. Be3 {[%clk 0:59:57]} Qb6
{[%clk 0:50:54]} 18. b3 {[%clk 0:59:44]} Qb4 {[%clk 0:50:06]} 19. Rd1
{[%clk 0:57:27]} Rxd1+ {[%clk 0:43:04]} 20. Qxd1 {[%clk 0:57:52]} Nxe4
{[%clk 0:37:33]} 21. Bxe4 {[%clk 0:52:41]} Qxe4 {[%clk 0:37:56]} 22. Qd7
{[%clk 0:52:47]} Bf8 {[%clk 0:36:11]} 23. Qxb7 {[%clk 0:50:12]} Qxc2
{[%clk 0:36:18]} 24. Qa8 {[%clk 0:41:23]} Qc3 {[%clk 0:19:38]} 25. Bb6
{[%clk 0:40:42]} e4 {[%clk 0:17:48]} 26. Qxa5 {[%clk 0:35:29]} Qxb3
{[%clk 0:17:06]} 27. Qa7 {[%clk 0:30:08]} f5 {[%clk 0:13:43]} 28. Be3
{[%clk 0:27:50]} Bd6 {[%clk 0:04:13]} 29. Qa8+ {[%clk 0:14:30]} Kf7
{[%clk 0:04:30]} 30. Qa7+ {[%clk 0:11:58]} Kg8 {[%clk 0:03:31]} 31. Qd4
{[%clk 0:10:15]} Qe6 {[%clk 0:03:13]} 32. a5 {[%clk 0:09:45]} c5 {[%clk 0:03:02]}
33. Qa4 {[%clk 0:09:58]} Qe7 {[%clk 0:00:47]} 34. a6 {[%clk 0:09:57]} Qa7
{[%clk 0:00:41]} 35. Qe8+ {[%clk 0:09:33]} Bf8 {[%clk 0:01:07]} 36. Qe6+
{[%clk 0:09:27]} Kh8 {[%clk 0:01:32]} 37. Qxf5 {[%clk 0:09:08]} Kg8
{[%clk 0:00:49]} 38. Qd5+ {[%clk 0:09:12]} Kh8 {[%clk 0:01:14]} 39. Qb7
{[%clk 0:09:03]} Qxb7 {[%clk 0:01:02]} 40. axb7 {[%clk 0:39:30]} Bd6
{[%clk 0:31:17]} 41. Bf4 {[%clk 0:39:46]} 1-0

[Event "World Chess Olympiad 2018"]
[Site "Batumi"]
[Date "2018.10.01"]
[Round "7"]
[Board "2"]
[WhiteFideId "7000634"]
[White "Nanjo Ryosuke"]
[BlackFideId "9300465"]
[Black "AlHuwar Jasem"]
[Result "1-0"]
[LiveChessVersion "1.4.8"]
[BlackElo "2245"]
[WhiteElo "2324"]

1. e4 {[%clk 1:30:57]} c6 {[%clk 1:30:19]} 2. d4 {[%clk 1:31:17]} d5
{[%clk 1:30:39]} 3. e5 {[%clk 1:31:42]} c5 {[%clk 1:30:51]} 4. dxc5
{[%clk 1:32:04]} e6 {[%clk 1:31:16]} 5. a3 {[%clk 1:32:12]} Bxc5 {[%clk 1:31:38]}
6. Nf3 {[%clk 1:32:32]} Ne7 {[%clk 1:31:53]} 7. Bd3 {[%clk 1:32:49]} Ng6
{[%clk 1:32:05]} 8. O-O {[%clk 1:33:10]} O-O {[%clk 1:31:40]} 9. Nbd2
{[%clk 1:32:06]} Nc6 {[%clk 1:29:42]} 10. b4 {[%clk 1:32:12]} Bb6
{[%clk 1:27:20]} 11. Bb2 {[%clk 1:31:47]} Nf4 {[%clk 1:23:50]} 12. Nb3
{[%clk 1:30:13]} f6 {[%clk 1:21:14]} 13. exf6 {[%clk 1:17:05]} gxf6
{[%clk 1:21:31]} 14. c4 {[%clk 1:15:01]} e5 {[%clk 1:18:44]} 15. cxd5
{[%clk 1:08:59]} Qxd5 {[%clk 1:19:07]} 16. Bc2 {[%clk 1:09:03]} Qf7
{[%clk 1:18:00]} 17. Bc1 {[%clk 1:05:35]} Rd8 {[%clk 1:12:31]} 18. Qe1
{[%clk 1:04:36]} Ne6 {[%clk 1:12:41]} 19. Be3 {[%clk 1:01:43]} Ned4
{[%clk 0:56:59]} 20. Nbxd4 {[%clk 0:56:39]} exd4 {[%clk 0:55:28]} 21. Bf4
{[%clk 0:53:41]} Be6 {[%clk 0:55:25]} 22. Bd3 {[%clk 0:52:00]} a5
{[%clk 0:53:35]} 23. Qd2 {[%clk 0:49:50]} axb4 {[%clk 0:50:30]} 24. axb4
{[%clk 0:50:14]} Qf8 {[%clk 0:50:45]} 25. Rxa8 {[%clk 0:47:34]} Rxa8
{[%clk 0:51:09]} 26. b5 {[%clk 0:47:56]} Nb4 {[%clk 0:48:56]} 27. Be4
{[%clk 0:45:11]} Ra2 {[%clk 0:42:28]} 28. Qc1 {[%clk 0:43:27]} Nd5
{[%clk 0:40:33]} 29. Bb1 {[%clk 0:41:51]} Ra5 {[%clk 0:31:36]} 30. Re1
{[%clk 0:38:12]} Qf7 {[%clk 0:25:09]} 31. Bd3 {[%clk 0:30:18]} Nc3
{[%clk 0:17:48]} 32. Nd2 {[%clk 0:24:18]} Bd5 {[%clk 0:14:44]} 33. Nb1
{[%clk 0:19:00]} Ra8 {[%clk 0:14:04]} 34. Nxc3 {[%clk 0:12:10]} dxc3
{[%clk 0:14:18]} 35. Qxc3 {[%clk 0:12:13]} Ba5 {[%clk 0:09:47]} 36. Qa3
{[%clk 0:10:29]} Bxe1 {[%clk 0:08:32]} 37. Qxa8+ {[%clk 0:10:53]} Kg7
{[%clk 0:08:46]} 38. Qc8 {[%clk 0:09:34]} Ba5 {[%clk 0:07:35]} 39. Qf5
{[%clk 0:06:43]} Kh8 {[%clk 0:02:44]} 40. Bg3 {[%clk 0:34:02]} Qe7
{[%clk 0:31:39]} 41. Qxd5 {[%clk 0:32:57]} 1-0

[Event "World Chess Olympiad 2018"]
[Site "Batumi"]
[Date "2018.10.01"]
[Round "7"]
[Board "3"]
[WhiteFideId "9308733"]
[White "Al Hosani Omran"]
[BlackFideId "7000197"]
[Black "Matsuo Tomohiko"]
[Result "1-0"]
[LiveChessVersion "1.4.8"]
[BlackElo "2170"]
[WhiteElo "2115"]

1. d4 {[%clk 1:30:57]} Nf6 {[%clk 1:30:55]} 2. Nf3 {[%clk 1:31:15]} c5
{[%clk 1:31:14]} 3. d5 {[%clk 1:31:36]} g6 {[%clk 1:31:19]} 4. Nc3
{[%clk 1:31:41]} Bg7 {[%clk 1:31:42]} 5. e4 {[%clk 1:32:06]} d6 {[%clk 1:32:02]}
6. Bb5+ {[%clk 1:32:31]} Nfd7 {[%clk 1:32:12]} 7. a4 {[%clk 1:32:38]} Na6
{[%clk 1:32:26]} 8. O-O {[%clk 1:32:44]} Nc7 {[%clk 1:32:47]} 9. Bd3
{[%clk 1:31:18]} O-O {[%clk 1:31:42]} 10. Bg5 {[%clk 1:27:29]} b6
{[%clk 1:24:46]} 11. Qd2 {[%clk 1:26:13]} Ne5 {[%clk 1:10:54]} 12. Nxe5
{[%clk 1:26:33]} Bxe5 {[%clk 1:11:18]} 13. f4 {[%clk 1:26:33]} Bg7
{[%clk 1:05:31]} 14. Rae1 {[%clk 1:26:00]} Rb8 {[%clk 1:02:38]} 15. f5
{[%clk 1:17:57]} Bd7 {[%clk 0:54:34]} 16. e5 {[%clk 1:16:06]} f6 {[%clk 0:49:05]}
17. exf6 {[%clk 1:15:46]} exf6 {[%clk 0:49:15]} 18. Bf4 {[%clk 1:16:14]} Bxf5
{[%clk 0:46:45]} 19. Bxf5 {[%clk 1:16:38]} gxf5 {[%clk 0:47:12]} 20. Re3
{[%clk 1:16:22]} Qd7 {[%clk 0:43:03]} 21. Rh3 {[%clk 1:15:04]} Rbe8
{[%clk 0:41:03]} 22. Qd1 {[%clk 1:14:43]} Rf7 {[%clk 0:37:21]} 23. Qh5
{[%clk 1:13:49]} Bf8 {[%clk 0:36:44]} 24. Bd2 {[%clk 1:13:44]} Re5
{[%clk 0:33:23]} 25. Bf4 {[%clk 1:11:40]} Re8 {[%clk 0:33:01]} 26. Rff3
{[%clk 1:11:42]} Rg7 {[%clk 0:24:17]} 27. Bh6 {[%clk 1:04:33]} Rg6
{[%clk 0:21:24]} 28. Bxf8 {[%clk 1:01:08]} Rxf8 {[%clk 0:21:46]} 29. Qxf5
{[%clk 1:00:41]} Qxf5 {[%clk 0:17:57]} 30. Rxf5 {[%clk 1:00:33]} Re8
{[%clk 0:18:15]} 31. Rhf3 {[%clk 0:59:52]} Kg7 {[%clk 0:18:12]} 32. Kf2
{[%clk 0:59:28]} Re5 {[%clk 0:18:14]} 33. h4 {[%clk 0:56:14]} h5 {[%clk 0:12:55]}
34. Rxe5 {[%clk 0:52:47]} fxe5 {[%clk 0:13:13]} 35. Rf5 {[%clk 0:53:10]} Rf6
{[%clk 0:10:45]} 36. Rxf6 {[%clk 0:53:24]} Kxf6 {[%clk 0:11:10]} 37. Ne4+
{[%clk 0:53:51]} Ke7 {[%clk 0:11:26]} 38. c4 {[%clk 0:54:20]} Ne8
{[%clk 0:11:36]} 39. Nc3 {[%clk 0:51:42]} a6 {[%clk 0:03:18]} 40. Ke2
{[%clk 1:21:27]} Ng7 {[%clk 0:32:55]} 41. Kf3 {[%clk 1:21:21]} Nf5
{[%clk 0:31:36]} 42. g4 {[%clk 1:03:21]} hxg4+ {[%clk 0:29:18]} 43. Kxg4
{[%clk 1:03:48]} Ne3+ {[%clk 0:29:41]} 44. Kg5 {[%clk 1:04:12]} Nxc4
{[%clk 0:28:51]} 45. Kg6 {[%clk 1:04:30]} b5 {[%clk 0:14:11]} 46. axb5
{[%clk 1:03:37]} axb5 {[%clk 0:14:37]} 47. h5 {[%clk 1:03:31]} e4
{[%clk 0:09:42]} 48. Nxe4 {[%clk 1:00:46]} Ne5+ {[%clk 0:09:45]} 49. Kg7
{[%clk 1:01:07]} c4 {[%clk 0:07:57]} 50. h6 {[%clk 1:01:24]} b4 {[%clk 0:08:13]}
51. h7 {[%clk 1:01:35]} Nf7 {[%clk 0:08:36]} 52. Ng5 {[%clk 1:01:54]} Nh8
{[%clk 0:05:32]} 53. Kxh8 {[%clk 0:54:56]} Kf8 {[%clk 0:04:54]} 54. Ne4
{[%clk 0:55:15]} b3 {[%clk 0:05:15]} 55. Nd2 {[%clk 0:55:32]} 1-0

[Event "World Chess Olympiad 2018"]
[Site "Batumi"]
[Date "2018.10.01"]
[Round "7"]
[Board "4"]
[WhiteFideId "7001762"]
[White "Otawa Yuto"]
[BlackFideId "9312331"]
[Black "Ammar Sedrani"]
[Result "1-0"]
[LiveChessVersion "1.4.8"]
[BlackElo "2099"]
[WhiteElo "2161"]

1. d4 {[%clk 1:30:51]} d5 {[%clk 1:30:31]} 2. c4 {[%clk 1:31:06]} Bf5
{[%clk 1:30:53]} 3. cxd5 {[%clk 1:28:06]} Bxb1 {[%clk 1:31:13]} 4. Qa4+
{[%clk 1:26:32]} c6 {[%clk 1:31:25]} 5. dxc6 {[%clk 1:22:00]} Nxc6
{[%clk 1:31:46]} 6. Rxb1 {[%clk 1:21:24]} Qxd4 {[%clk 1:31:56]} 7. Qxd4
{[%clk 1:19:15]} Nxd4 {[%clk 1:31:44]} 8. e3 {[%clk 1:18:10]} Nc6
{[%clk 1:31:58]} 9. Nf3 {[%clk 1:16:08]} e6 {[%clk 1:28:29]} 10. Bb5
{[%clk 1:06:17]} Rc8 {[%clk 1:27:08]} 11. O-O {[%clk 1:04:30]} Bd6
{[%clk 1:26:43]} 12. Bd2 {[%clk 1:00:10]} Nge7 {[%clk 1:20:51]} 13. a3
{[%clk 0:49:14]} O-O {[%clk 1:19:26]} 14. Rfd1 {[%clk 0:41:49]} Rfd8
{[%clk 1:18:12]} 15. Be2 {[%clk 0:33:33]} Ne5 {[%clk 1:01:12]} 16. Bc3
{[%clk 0:32:23]} N5g6 {[%clk 0:56:06]} 17. Rbc1 {[%clk 0:30:14]} Nd5
{[%clk 0:50:15]} 18. Be1 {[%clk 0:22:39]} Rxc1 {[%clk 0:40:46]} 19. Rxc1
{[%clk 0:23:00]} Kf8 {[%clk 0:41:05]} 20. g3 {[%clk 0:17:53]} Ke7
{[%clk 0:39:42]} 21. Nd2 {[%clk 0:13:42]} f5 {[%clk 0:34:17]} 22. e4
{[%clk 0:10:39]} fxe4 {[%clk 0:33:20]} 23. Nxe4 {[%clk 0:11:02]} Be5
{[%clk 0:33:37]} 24. Nc3 {[%clk 0:10:15]} Nxc3 {[%clk 0:30:10]} 25. bxc3
{[%clk 0:08:57]} Bd6 {[%clk 0:29:04]} 26. Rb1 {[%clk 0:08:03]} b6
{[%clk 0:27:06]} 27. a4 {[%clk 0:06:29]} Bc5 {[%clk 0:25:44]} 28. Kg2
{[%clk 0:06:09]} a5 {[%clk 0:24:27]} 29. f4 {[%clk 0:03:32]} Nf8 {[%clk 0:21:16]}
30. Bf2 {[%clk 0:02:29]} Bxf2 {[%clk 0:21:32]} 31. Kxf2 {[%clk 0:02:55]} Rd6
{[%clk 0:21:49]} 32. Ke3 {[%clk 0:02:30]} Nd7 {[%clk 0:21:47]} 33. Bb5
{[%clk 0:01:30]} Nf6 {[%clk 0:18:17]} 34. Kf3 {[%clk 0:01:13]} Rd2
{[%clk 0:12:47]} 35. Re1 {[%clk 0:00:45]} Rc2 {[%clk 0:12:39]} 36. c4
{[%clk 0:00:49]} Rxh2 {[%clk 0:11:54]} 37. f5 {[%clk 0:01:01]} Rc2
{[%clk 0:09:16]} 38. Rxe6+ {[%clk 0:01:21]} Kf7 {[%clk 0:09:42]} 39. Rxb6
{[%clk 0:01:05]} Rc3+ {[%clk 0:09:41]} 40. Ke2 {[%clk 0:30:44]} Rxg3
{[%clk 0:37:59]} 41. Rb7+ {[%clk 0:25:33]} Kf8 {[%clk 0:37:50]} 42. c5
{[%clk 0:24:55]} Rc3 {[%clk 0:33:06]} 43. c6 {[%clk 0:24:20]} Ne8
{[%clk 0:33:10]} 44. Kd2 {[%clk 0:15:09]} Rc5 {[%clk 0:33:21]} 45. Kd3
{[%clk 0:13:38]} Rd5+ {[%clk 0:30:52]} 46. Kc4 {[%clk 0:11:33]} Rd8
{[%clk 0:28:25]} 47. Rd7 {[%clk 0:08:59]} Rxd7 {[%clk 0:23:29]} 48. cxd7
{[%clk 0:09:19]} Nd6+ {[%clk 0:23:51]} 49. Kc5 {[%clk 0:07:32]} Nf7
{[%clk 0:23:21]} 50. Kb6 {[%clk 0:07:07]} h5 {[%clk 0:16:55]} 51. Kxa5
{[%clk 0:06:54]} h4 {[%clk 0:16:59]} 52. Kb6 {[%clk 0:06:07]} h3 {[%clk 0:17:23]}
53. Kc7 {[%clk 0:05:05]} h2 {[%clk 0:17:25]} 54. Bc6 {[%clk 0:05:21]} Ke7
{[%clk 0:17:53]} 55. a5 {[%clk 0:05:23]} Nd8 {[%clk 0:18:07]} 56. Bg2
{[%clk 0:05:33]} 1/2-1/2

[Event "World Chess Olympiad 2018"]
[Site "Batumi"]
[Date "2018.10.01"]
[Round "7"]
[Board "1"]
[WhiteFideId "6001238"]
[White "Lam Daniel King Wai"]
[BlackFideId "7300069"]
[Black "Reyes Najera Carlos A."]
[Result "1/2-1/2"]
[LiveChessVersion "1.4.8"]
[BlackElo "2149"]
[WhiteElo "2145"]

1. c4 {[%clk 1:30:59]} e5 {[%clk 1:28:00]} 2. Nc3 {[%clk 1:31:24]} Nf6
{[%clk 1:28:23]} 3. g3 {[%clk 1:31:35]} d5 {[%clk 1:22:26]} 4. cxd5
{[%clk 1:31:56]} Nxd5 {[%clk 1:22:51]} 5. Bg2 {[%clk 1:32:11]} Nxc3
{[%clk 1:22:42]} 6. bxc3 {[%clk 1:32:18]} Nc6 {[%clk 1:23:03]} 7. Rb1
{[%clk 1:32:23]} Bc5 {[%clk 1:17:47]} 8. Qa4 {[%clk 1:22:25]} Qf6
{[%clk 1:14:09]} 9. Nf3 {[%clk 1:19:45]} O-O {[%clk 1:12:19]} 10. d3
{[%clk 1:16:20]} Re8 {[%clk 1:08:30]} 11. O-O {[%clk 1:14:21]} e4
{[%clk 0:52:38]} 12. dxe4 {[%clk 0:45:21]} Qxc3 {[%clk 0:48:02]} 13. Bf4
{[%clk 0:43:46]} Bb6 {[%clk 0:46:23]} 14. Bd2 {[%clk 0:35:36]} Qf6
{[%clk 0:38:49]} 15. e5 {[%clk 0:29:43]} Qg6 {[%clk 0:35:23]} 16. Bf4
{[%clk 0:28:28]} Bd7 {[%clk 0:30:21]} 17. Rbd1 {[%clk 0:27:27]} Rad8
{[%clk 0:30:39]} 18. Qa3 {[%clk 0:19:39]} h6 {[%clk 0:29:23]} 19. h4
{[%clk 0:17:42]} Be6 {[%clk 0:27:30]} 20. Qb2 {[%clk 0:16:09]} Bc4
{[%clk 0:20:57]} 21. Rxd8 {[%clk 0:14:15]} Rxd8 {[%clk 0:19:01]} 22. Rc1
{[%clk 0:14:34]} Qe6 {[%clk 0:18:35]} 23. a3 {[%clk 0:12:49]} a6 {[%clk 0:15:31]}
24. Kh2 {[%clk 0:12:00]} Bb5 {[%clk 0:14:47]} 25. e3 {[%clk 0:10:13]} Qd7
{[%clk 0:12:20]} 26. Bh3 {[%clk 0:09:50]} Qd5 {[%clk 0:12:31]} 27. Bg2
{[%clk 0:09:52]} Qe6 {[%clk 0:12:06]} 28. Bh3 {[%clk 0:09:59]} Qe7
{[%clk 0:12:22]} 29. Bf5 {[%clk 0:07:20]} Bd3 {[%clk 0:10:14]} 30. Bxd3
{[%clk 0:07:17]} Rxd3 {[%clk 0:10:37]} 31. Rc3 {[%clk 0:07:22]} Qd7
{[%clk 0:09:58]} 32. Qc2 {[%clk 0:07:18]} Rxc3 {[%clk 0:10:04]} 33. Qxc3
{[%clk 0:07:46]} Qd5 {[%clk 0:10:26]} 34. Nd2 {[%clk 0:07:20]} Ba5
{[%clk 0:10:47]} 35. e4 {[%clk 0:07:35]} Qb5 {[%clk 0:09:58]} 36. Qe3
{[%clk 0:06:17]} Bb6 {[%clk 0:09:11]} 37. Qf3 {[%clk 0:02:35]} Nxe5
{[%clk 0:08:13]} 38. Bxe5 {[%clk 0:02:48]} Qxe5 {[%clk 0:08:38]} 39. Nc4
{[%clk 0:03:00]} Qe6 {[%clk 0:08:29]} 40. Nxb6 {[%clk 0:33:18]} Qxb6
{[%clk 0:38:48]} 41. Qf5 {[%clk 0:33:39]} g6 {[%clk 0:33:47]} 42. Qf4
{[%clk 0:33:49]} Kg7 {[%clk 0:33:47]} 43. Kg2 {[%clk 0:34:00]} c5
{[%clk 0:33:09]} 44. Qe5+ {[%clk 0:34:05]} Kg8 {[%clk 0:30:06]} 45. Qe8+
{[%clk 0:33:47]} Kg7 {[%clk 0:30:22]} 46. Qe5+ {[%clk 0:34:15]} Kg8
{[%clk 0:30:23]} 47. Qe8+ {[%clk 0:34:37]} Kg7 {[%clk 0:30:42]} 48. Qe5+
{[%clk 0:34:41]} 1/2-1/2

[Event "World Chess Olympiad 2018"]
[Site "Batumi"]
[Date "2018.10.01"]
[Round "7"]
[Board "2"]
[WhiteFideId "7300662"]
[White "Cu Hor Winston Darwin"]
[BlackFideId "6001890"]
[Black "Pang Yui Kuen"]
[Result "1-0"]
[LiveChessVersion "1.4.8"]
[BlackElo "1981"]
[WhiteElo "2319"]

1. Nf3 {[%clk 1:30:56]} d5 {[%clk 1:30:08]} 2. c4 {[%clk 1:31:07]} e6
{[%clk 1:28:30]} 3. g3 {[%clk 1:31:28]} Nf6 {[%clk 1:28:38]} 4. Bg2
{[%clk 1:31:41]} c5 {[%clk 1:28:16]} 5. cxd5 {[%clk 1:32:03]} exd5
{[%clk 1:24:47]} 6. O-O {[%clk 1:32:26]} Nc6 {[%clk 1:16:08]} 7. d4
{[%clk 1:32:48]} Be7 {[%clk 1:16:19]} 8. Nc3 {[%clk 1:33:04]} h6 {[%clk 1:11:57]}
9. b3 {[%clk 1:31:57]} O-O {[%clk 1:12:02]} 10. Bb2 {[%clk 1:32:22]} cxd4
{[%clk 1:00:21]} 11. Nxd4 {[%clk 1:32:05]} Bc5 {[%clk 1:00:39]} 12. Nxc6
{[%clk 1:30:33]} bxc6 {[%clk 1:01:03]} 13. Rc1 {[%clk 1:30:56]} Bb6
{[%clk 0:54:47]} 14. Na4 {[%clk 1:26:49]} Bb7 {[%clk 0:55:10]} 15. Nc5
{[%clk 1:26:04]} Bxc5 {[%clk 0:52:32]} 16. Rxc5 {[%clk 1:26:25]} Qe7
{[%clk 0:52:55]} 17. Rc2 {[%clk 1:23:20]} Rac8 {[%clk 0:48:56]} 18. Qd4
{[%clk 1:17:30]} c5 {[%clk 0:48:37]} 19. Qa4 {[%clk 1:17:50]} Rc6
{[%clk 0:37:09]} 20. Rd1 {[%clk 1:12:25]} Ra6 {[%clk 0:27:13]} 21. Qb5
{[%clk 1:06:11]} Ne4 {[%clk 0:27:28]} 22. Rxd5 {[%clk 0:58:15]} Nd6
{[%clk 0:22:33]} 23. Qxc5 {[%clk 0:54:08]} Bxd5 {[%clk 0:22:37]} 24. Bxd5
{[%clk 0:54:04]} Qg5 {[%clk 0:16:29]} 25. Qd4 {[%clk 0:42:37]} Rxa2
{[%clk 0:13:59]} 26. Bc1 {[%clk 0:39:13]} Rxc2 {[%clk 0:10:17]} 27. Bxg5
{[%clk 0:39:40]} hxg5 {[%clk 0:10:36]} 28. Qe5 {[%clk 0:38:31]} Nc8
{[%clk 0:08:33]} 29. Bc4 {[%clk 0:36:40]} Nb6 {[%clk 0:04:59]} 30. Bd3
{[%clk 0:36:33]} Rc1+ {[%clk 0:05:08]} 31. Kg2 {[%clk 0:36:56]} f6
{[%clk 0:05:21]} 32. Qe6+ {[%clk 0:37:17]} Kh8 {[%clk 0:05:11]} 33. Bg6
{[%clk 0:37:29]} Rd8 {[%clk 0:01:40]} 34. Qh3+ {[%clk 0:36:37]} Kg8
{[%clk 0:02:09]} 35. Qh7+ {[%clk 0:36:56]} Kf8 {[%clk 0:02:09]} 36. Qh8+
{[%clk 0:37:07]} Ke7 {[%clk 0:02:33]} 37. Qxg7+ {[%clk 0:37:30]} Ke6
{[%clk 0:01:42]} 38. Qf7+ {[%clk 0:37:47]} Kd6 {[%clk 0:01:52]} 39. Qxf6+
{[%clk 0:38:09]} Kd7 {[%clk 0:02:09]} 40. Bf5+ {[%clk 1:07:39]} Kc7
{[%clk 0:32:32]} 41. Qe7+ {[%clk 1:06:35]} Nd7 {[%clk 0:32:47]} 42. Qxg5
{[%clk 1:06:56]} Rd1 {[%clk 0:32:43]} 43. h4 {[%clk 1:06:23]} Nc5
{[%clk 0:32:51]} 44. b4 {[%clk 1:05:53]} Nb3 {[%clk 0:32:51]} 45. Qe7+
{[%clk 1:05:48]} Kb8 {[%clk 0:32:53]} 46. Bd3 {[%clk 1:05:53]} Rc8
{[%clk 0:33:03]} 47. Ba6 {[%clk 1:06:13]} 1-0

[Event "World Chess Olympiad 2018"]
[Site "Batumi"]
[Date "2018.10.01"]
[Round "7"]
[Board "3"]
[WhiteFideId "6001394"]
[White "Wong Brian"]
[BlackFideId "7300220"]
[Black "Ortiz Q Johnny Alexander"]
[Result "1/2-1/2"]
[LiveChessVersion "1.4.8"]
[BlackElo "2207"]
[WhiteElo "2024"]

1. d4 {[%clk 1:30:44]} Nf6 {[%clk 1:30:51]} 2. Bf4 {[%clk 1:30:19]} d5
{[%clk 1:30:42]} 3. e3 {[%clk 1:30:16]} e6 {[%clk 1:30:09]} 4. Nf3
{[%clk 1:29:11]} Bd6 {[%clk 1:28:21]} 5. Bg3 {[%clk 1:25:41]} Ne4
{[%clk 1:25:08]} 6. Nbd2 {[%clk 1:24:00]} b6 {[%clk 1:15:16]} 7. Bb5+
{[%clk 1:20:51]} c6 {[%clk 1:12:47]} 8. Bd3 {[%clk 1:21:17]} Nxd2
{[%clk 1:12:58]} 9. Nxd2 {[%clk 1:17:43]} Ba6 {[%clk 1:04:55]} 10. Qg4
{[%clk 1:08:49]} g6 {[%clk 1:00:07]} 11. Nf3 {[%clk 1:03:51]} Bxd3
{[%clk 0:51:04]} 12. cxd3 {[%clk 1:04:17]} Bb4+ {[%clk 0:50:19]} 13. Ke2
{[%clk 1:04:25]} Nd7 {[%clk 0:50:48]} 14. Ne5 {[%clk 0:57:37]} Nxe5
{[%clk 0:38:20]} 15. Bxe5 {[%clk 0:57:32]} O-O {[%clk 0:32:23]} 16. h4
{[%clk 0:56:06]} h6 {[%clk 0:24:54]} 17. h5 {[%clk 0:47:34]} g5 {[%clk 0:25:00]}
18. f4 {[%clk 0:46:33]} f5 {[%clk 0:23:02]} 19. Qg3 {[%clk 0:44:57]} Kh7
{[%clk 0:22:29]} 20. fxg5 {[%clk 0:42:00]} Qxg5 {[%clk 0:22:47]} 21. Qxg5
{[%clk 0:37:24]} hxg5 {[%clk 0:23:16]} 22. Rac1 {[%clk 0:36:28]} Rac8
{[%clk 0:18:50]} 23. Rc2 {[%clk 0:34:24]} Be7 {[%clk 0:18:57]} 24. Rhc1
{[%clk 0:33:50]} c5 {[%clk 0:18:42]} 25. b4 {[%clk 0:33:33]} Kh6 {[%clk 0:09:57]}
26. bxc5 {[%clk 0:28:22]} Kxh5 {[%clk 0:10:21]} 27. cxb6 {[%clk 0:27:32]} Rxc2+
{[%clk 0:10:46]} 28. Rxc2 {[%clk 0:28:00]} axb6 {[%clk 0:11:14]} 29. Rc6
{[%clk 0:27:31]} Ra8 {[%clk 0:11:26]} 30. Rxe6 {[%clk 0:25:15]} Rxa2+ 31. Kf1
{[%clk 0:22:23]} Bb4 {[%clk 0:10:40]} 32. Bc7 {[%clk 0:14:11]} b5
{[%clk 0:08:58]} 33. e4 {[%clk 0:11:43]} fxe4 {[%clk 0:07:45]} 34. dxe4
{[%clk 0:11:57]} dxe4 {[%clk 0:08:12]} 35. d5 {[%clk 0:10:45]} Ra1+
{[%clk 0:04:19]} 36. Ke2 {[%clk 0:10:59]} Re1+ {[%clk 0:04:31]} 37. Kf2
{[%clk 0:10:51]} Rd1 {[%clk 0:04:13]} 38. d6 {[%clk 0:10:14]} Bc5+
{[%clk 0:04:26]} 39. Ke2 {[%clk 0:09:46]} Rd5 {[%clk 0:04:29]} 40. Re7
{[%clk 0:32:59]} b4 {[%clk 0:32:20]} 41. Rxe4 {[%clk 0:32:05]} 1/2-1/2

[Event "World Chess Olympiad 2018"]
[Site "Batumi"]
[Date "2018.10.01"]
[Round "7"]
[Board "4"]
[WhiteFideId "7300239"]
[White "Lorenzana Wilson Estuardo"]
[BlackFideId "6000436"]
[Black "Lai Robin"]
[Result "1-0"]
[LiveChessVersion "1.4.8"]
[BlackElo "1863"]
[WhiteElo "2292"]

1. e4 {[%clk 1:30:45]} d5 {[%clk 1:30:47]} 2. exd5 {[%clk 1:31:09]} Nf6
{[%clk 1:31:07]} 3. d4 {[%clk 1:31:34]} Nxd5 {[%clk 1:30:14]} 4. c4
{[%clk 1:31:58]} Nb6 {[%clk 1:30:22]} 5. Nc3 {[%clk 1:32:21]} e5 {[%clk 1:29:45]}
6. d5 {[%clk 1:32:47]} g6 {[%clk 1:26:16]} 7. Be3 {[%clk 1:31:47]} c6
{[%clk 1:10:26]} 8. Rc1 {[%clk 1:27:36]} Bg7 {[%clk 1:03:46]} 9. a4
{[%clk 1:19:51]} cxd5 {[%clk 0:58:01]} 10. cxd5 {[%clk 1:20:09]} O-O
{[%clk 0:57:43]} 11. Qb3 {[%clk 1:13:21]} Na6 {[%clk 0:49:06]} 12. Nf3
{[%clk 1:12:29]} Bg4 {[%clk 0:42:03]} 13. Nd2 {[%clk 1:10:54]} Rc8
{[%clk 0:37:36]} 14. h3 {[%clk 1:08:42]} Bd7 {[%clk 0:36:38]} 15. Nde4
{[%clk 1:02:31]} Bf5 {[%clk 0:24:23]} 16. Rd1 {[%clk 0:57:31]} Kh8
{[%clk 0:22:28]} 17. Ng3 {[%clk 0:45:04]} Bd7 {[%clk 0:20:33]} 18. a5
{[%clk 0:44:45]} Rxc3 {[%clk 0:09:44]} 19. bxc3 {[%clk 0:40:52]} Na4
{[%clk 0:06:41]} 20. Bxa6 {[%clk 0:40:01]} bxa6 {[%clk 0:06:53]} 21. O-O
{[%clk 0:40:14]} f5 {[%clk 0:05:42]} 22. f4 {[%clk 0:35:26]} exf4
{[%clk 0:05:32]} 23. Rxf4 {[%clk 0:35:04]} Nxc3 {[%clk 0:03:30]} 24. Bc5
{[%clk 0:33:48]} Re8 {[%clk 0:02:49]} 25. Rc1 {[%clk 0:34:01]} Qxa5
{[%clk 0:02:08]} 26. Bd4 {[%clk 0:33:48]} Nxd5 {[%clk 0:01:35]} 27. Bxg7+
{[%clk 0:29:55]} Kxg7 {[%clk 0:02:04]} 28. Rd4 {[%clk 0:29:44]} Be6
{[%clk 0:02:01]} 29. Qb2 {[%clk 0:29:29]} Kf7 {[%clk 0:01:25]} 30. Kh2 Re7
{[%clk 0:01:42]} 31. Rc6 {[%clk 0:28:57]} Nf6 {[%clk 0:01:03]} 32. Rdd6
{[%clk 0:28:54]} Ne4 {[%clk 0:01:00]} 33. Nxe4 {[%clk 0:26:35]} fxe4
{[%clk 0:01:24]} 34. Qh8 {[%clk 0:26:59]} Qh5 {[%clk 0:01:14]} 35. Rd8
{[%clk 0:27:10]} Qh6 {[%clk 0:01:19]} 36. Qe5 {[%clk 0:22:20]} Qg7
{[%clk 0:01:03]} 37. Qxe4 {[%clk 0:22:25]} Bxh3 {[%clk 0:00:55]} 38. Qc4+
{[%clk 0:16:24]} Be6 {[%clk 0:01:18]} 39. Rxe6 {[%clk 0:16:52]} Qh6+
{[%clk 0:01:11]} 40. Kg1 {[%clk 0:47:19]} Rxe6 {[%clk 0:31:14]} 41. Rd7+
{[%clk 0:47:46]} Kf6 {[%clk 0:30:39]} 42. Qd4+ {[%clk 0:48:12]} Re5
{[%clk 0:22:49]} 43. Rd6+ {[%clk 0:48:35]} Kf5 {[%clk 0:22:38]} 44. g4+
{[%clk 0:48:49]} Kg5 {[%clk 0:20:25]} 45. Qxe5+ {[%clk 0:48:42]} Kxg4
{[%clk 0:20:52]} 46. Rd4+ {[%clk 0:48:58]} Kf3 {[%clk 0:20:53]} 47. Rd3+
{[%clk 0:49:14]} Kg4 {[%clk 0:21:07]} 48. Qe6+ {[%clk 0:48:45]} Kf4
{[%clk 0:20:08]} 49. Qe3+ {[%clk 0:49:04]} 1-0